000 00559nam a2200193Ia 4500
003 GCL
008 140319s9999 xx 000 0 ara d
040 _aGCL /
_cGCL
082 0 4 _a210.4
_bع م
100 1 _aعصمة الدين كركر
245 1 0 _aالمرأة فى العهد النبوى /
_cعصمة الدين كركر
260 _a[S.N] :
_bدار العربية للعلوم ،
_c1993
300 _a380 ص
490 _a
650 0 4 _aالمرأة
650 0 4 _aالزواج
650 0 4 _aالمرأة فى الاسلام
942 _2ddc
_cBK
999 _c54620
_d54620